Test Cricket: Most Runs in an Innings - Statistics

General Stats
  • This quiz has been taken 34 times
  • The average score is 8 of 14
Answer Stats
Hint Answer % Correct
400* Brian Lara
100%
375 Brian Lara
100%
334 Don Bradman
86%
380 Matthew Hayden
69%
335* David Warner
59%
333 Graham Gooch
59%
365* Garfield Sobers
55%
333 Chris Gayle
52%
374 Mahela Jayawardene
52%
334* Mark Taylor
48%
364 Len Hutton
41%
340 Sanath Jayasuriya
34%
337 Hanif Mohammad
24%
336* Wally Hammond
24%
No matching quizzes found
Score Distribution
Percent of People with Each Score
Percentile by Number Answered
Your Score History
You have not taken this quiz